LEADER 01901nas 2200565-a 450 001 996212797303316 005 20230708213018.0 011 $a1476-928X 035 $a(DE-599)ZDB2110171-1 035 $a(OCoLC)51756925 035 $a(CKB)111053442506022 035 $a(CONSER)--2003242068 035 $a(EXLCZ)99111053442506022 100 $a20030227a20039999 s-- a 101 0 $aeng 135 $aurcnu|||||||| 181 $ctxt$2rdacontent 182 $cc$2rdamedia 183 $acr$2rdacarrier 200 10$aComputational biology and chemistry 210 $a[Oxford, England] $cPergamon$dİ2003- 300 $aRefereed/Peer-reviewed 300 $aTitle from general information screen (viewed Apr. 28, 2003). 311 $a1476-9271 517 1 $aCBAC 517 1 $aComputational biology & chemistry 531 $aCOMPUT BIOL CHEM 531 $aCOMPUTATIONAL BIOLOGY & CHEMISTRY 531 $aCOMPUT. BIOL. CHEM 606 $aMolecular biology$xData processing$vPeriodicals 606 $aBiology$xData processing$vPeriodicals 606 $aBiochemistry$xData processing$vPeriodicals 606 $aChemistry 606 $aComputational Biology 606 $aBiochemistry$xData processing$2fast$3(OCoLC)fst00831967 606 $aBiology$xData processing$2fast$3(OCoLC)fst00832406 606 $aMolecular biology$xData processing$2fast$3(OCoLC)fst01024738 608 $aPeriodicals.$2fast 615 0$aMolecular biology$xData processing 615 0$aBiology$xData processing 615 0$aBiochemistry$xData processing 615 12$aChemistry. 615 12$aComputational Biology. 615 7$aBiochemistry$xData processing. 615 7$aBiology$xData processing. 615 7$aMolecular biology$xData processing. 906 $aJOURNAL 912 $a996212797303316 996 $aComputational biology and chemistry$91893983 997 $aUNISA LEADER 02253oam 2200601zu 450 001 996212295103316 005 20210807003215.0 035 $a(CKB)1000000000811915 035 $a(SSID)ssj0000722230 035 $a(PQKBManifestationID)12308934 035 $a(PQKBTitleCode)TC0000722230 035 $a(PQKBWorkID)10695480 035 $a(PQKB)10066577 035 $a(Association for Computing Machinery)10.1145/258305 035 $a(EXLCZ)991000000000811915 100 $a20160829d1997 uy 101 0 $aeng 135 $aurnn|008mam|a 181 $ctxt 182 $cc 183 $acr 200 10$aFPGA '97 : 1997 ACM Fifth International Symposium on Field- Programmable Gate Arrays : February 9-11, 1997, Monterey Beach Hotel, Monterey, California, USA 210 31$a[Place of publication not identified]$cACM Press$d1997 215 $a1 online resource (174 p.;) 225 1 $aACM Conferences 300 $aBibliographic Level Mode of Issuance: Monograph 311 $a0-89791-801-0 410 0$aACM Conferences 517 3 $aFPGA '97 606 $aField programmable gate arrays$vCongresses 606 $aProgrammable array logic$vCongresses 606 $aGate array circuits$vCongresses 606 $aProgrammable logic devices$vCongresses 606 $aElectrical & Computer Engineering$2HILCC 606 $aEngineering & Applied Sciences$2HILCC 606 $aElectrical Engineering$2HILCC 615 0$aField programmable gate arrays 615 0$aProgrammable array logic 615 0$aGate array circuits 615 0$aProgrammable logic devices 615 7$aElectrical & Computer Engineering 615 7$aEngineering & Applied Sciences 615 7$aElectrical Engineering 676 $a621.39/5 700 $aEbeling$b Carl$0977524 712 02$aAssociation for Computing Machinery 712 02$aACM Special Interest Group on Design Automation 712 12$aACM International Symposium on Field-Programmable Gate Arrays 801 0$bPQKB 906 $aBOOK 912 $a996212295103316 996 $aFPGA '97 : 1997 ACM Fifth International Symposium on Field- Programmable Gate Arrays : February 9-11, 1997, Monterey Beach Hotel, Monterey, California, USA$92227075 997 $aUNISA